000 00779nam a22002177a 4500
999 _c13273
_d13273
003 AR-CdUCM
008 190409b ||||| |||| 00| 0 spa d
020 _a978-607-404-199-6
040 _aMUNICIPALIDAD PROVINCIAL DEL CUSCO
_cBIBLIOTECA MUNICIPAL DEL CUSCO
082 _aEP / 803 /
_bT48
100 _aThomas, Tig
_931603
245 _a50 cuentos para soñar /
260 _aMéxico :
_bSilver Dollphin,
_c2015.
300 _a512 páginas
_c23 cm.
505 _aContenido :El pescado y el anillo -- La cabeza encantado -- Las dos hermanas -- La caja de ladrones -- Los siete cabritos -- El pescador y su esposa ...
650 _aHistorietas
_910786
650 _aCuentos
_9217
700 _aCaballero, Samantha
_931604
942 _2ddc
_cLIBROS
945 _arum
_d2019-04-11